Flaubert and the historical novel : Salammbo reassessed /

Bibliographic Details
Main Author: Green, Anne
Format: Book
Language:English
Published: Cambridge [Cambridgeshire] ; New York : Cambridge University Press, 1982.
Subjects:

MARC

Tag First Indicator Second Indicator Subfields
LEADER 00000pam a2200000 a 4500
001 in00000087605
005 20151008064857.0
008 810415s1982 enk b 00110 eng
010 |a  81006085  
020 |a 0521237653 
035 |a (OCoLC)07464571 
035 |9 AAK4962AM 
039 0 |a 2  |b 3  |c 3  |d 3  |e 3 
040 |a DLC  |c DLC  |d TXA  |d UtOrBLW 
049 |a TXAM  |c [801082] 
050 0 0 |a PQ2246.S43  |b G7 
082 0 |a 843/.8  |2 19 
100 1 |a Green, Anne. 
245 1 0 |a Flaubert and the historical novel :  |b Salammbo reassessed /  |c Anne Green. 
264 1 |a Cambridge [Cambridgeshire] ;  |a New York :  |b Cambridge University Press,  |c 1982. 
300 |a vi, 185 pages ;  |c 22 cm. 
336 |a text  |b txt  |2 rdacontent 
337 |a unmediated  |b n  |2 rdamedia 
338 |a volume  |b nc  |2 rdacarrier 
500 |a "Appendix: Unpublished manuscript material" (in French): pages 118-150. 
500 |a Includes index. 
504 |a Bibliography: pages 167-180. 
600 1 0 |a Flaubert, Gustave,  |d 1821-1880.  |t Salammbô. 
651 0 |a Carthage (Extinct city)  |x In literature. 
999 |a MARS 
999 f f |s 169221ef-a463-338a-a169-046b152dcc5b  |i 3646a33a-8547-33c9-829e-28e1967dcfc3  |t 0 
952 f f |p normal  |a Texas A&M University  |b College Station  |c Sterling C. Evans Library  |d Evans: Library Stacks  |t 0  |e PQ2246.S43 G7  |h Library of Congress classification  |i unmediated -- volume  |m A14806180588 
998 f f |a PQ2246.S43 G7  |t 0  |l Evans: Library Stacks